Rozpočtové výdavky a rozpočtové príjmy a ich účtovné zobrazenie v rozpočtových organizáciách diplomová práca

Uložené v:
Podrobná bibliografia
Hlavný autor: Šmahovská, Ivana
Korporativný autor: Fakulta hospodárskej informatiky EU. Katedra účtovníctva a audítorstva
Ďalší autori: Kovalčíková, Antónia
Médium: Kniha
Jazyk:Slovak
Vydavateľské údaje: Bratislava 2014
Tagy: Pridať tag
Žiadne tagy, Buďte prvý, kto otaguje tento záznam!

MARC

LEADER 00000nbm a2200000 4500
001 0188632
005 20170201105000.6
041 0 |a slo 
044 |a SK 
245 1 0 |a Rozpočtové výdavky a rozpočtové príjmy a ich účtovné zobrazenie v rozpočtových organizáciách  |b diplomová práca  |c Ivana Šmahovská ; školiteľ: Antónia Kovalčíková 
264 1 |a Bratislava  |c 2014 
300 |a 85 s. 
100 1 |a Šmahovská, Ivana 
700 1 |a Kovalčíková, Antónia 
710 2 |a Fakulta hospodárskej informatiky EU. Katedra účtovníctva a audítorstva